30 cidades mais populosas da Turquia - Statistics

Estatísticas Gerais
  • Esse quiz foi jogado 5 vezes
  • A pontuação média é 6 de 30
Estatísticas das Respostas
# População Letra Cidade % Correto
2 4.587.558 A Ancara
100%
1 14.025.646 I Istambul
100%
4 1.854.285 B Bursa
80%
6 1.495.050 G Gaziantep
60%
5 1.563.545 A Adana
40%
3 2.847.691 I Izmir
40%
8 955.573 A Antalya
20%
27 259.157 B Balikesir
20%
21 313.355 B Batman
20%
11 617.215 E Eskisehir
20%
9 911.984 K Kayseri
20%
13 511.601 S Samsun
20%
30 211.027 T Trabzon
20%
16 399.022 A Adapazari
0%
18 384.953 C Cacramanemaraxe
0%
14 492.815 D Denizli
0%
12 614.310 D Diyarbakir
0%
22 305.787 E Elazig
0%
19 358.344 E Erzurum
0%
26 282.444 G Gebze
0%
23 293.339 I Izmit
0%
7 1.003.373 K Konya
0%
29 212.444 K Kütahya
0%
17 388.590 M Malatya
0%
24 291.374 M Manisa
0%
10 842.230 M Mersin
0%
15 465.748 S Sanliurfa
0%
25 282.984 S Sivas
0%
28 227.021 T Tarso
0%
20 352.292 V Van
0%
Nenhum quiz correspondente encontrado
Distribuição das Pontuações
Porcentagem de Pessoas com Cada Pontuação
Percentil de Números Respondidos
Sua Pontuação Histórica
Você não jogou esse quiz